Beyond capitalism : The Japanese model of market economics
Contents: Has Japan developed its own unique economic model? For years, Americans concerned about the Japanese economic challenge have heatedly debated this question. Now, a senior Japanese government official weighs in with a resounding 'Yes.' In this work, Eisuke Sakakibara of the powerf...
Enregistré dans:
| Auteur principal: | |
|---|---|
| Format: | Livre |
| Langue: | Undetermined |
| Publié: |
Lanham, MD
University Press of America
1993
|
| Sujets: | |
| Tags: |
Ajouter un tag
Pas de tags, Soyez le premier à ajouter un tag!
|
| Thư viện lưu trữ: | Trung tâm Học liệu Trường Đại học Cần Thơ |
|---|
| LEADER | 01456nam a2200229Ia 4500 | ||
|---|---|---|---|
| 001 | CTU_222095 | ||
| 008 | 210402s9999 xx 000 0 und d | ||
| 020 | |c 24.50 | ||
| 082 | |a 330.952 | ||
| 082 | |b S158 | ||
| 100 | |a Sakakibara, Eisuke | ||
| 245 | 0 | |a Beyond capitalism : | |
| 245 | 4 | |b The Japanese model of market economics | |
| 245 | 0 | |c Eisuke Sakakibara ; with an introduction by Clyde V. Prestowitz, Jr. | |
| 260 | |a Lanham, MD | ||
| 260 | |b University Press of America | ||
| 260 | |c 1993 | ||
| 520 | |a Contents: Has Japan developed its own unique economic model? For years, Americans concerned about the Japanese economic challenge have heatedly debated this question. Now, a senior Japanese government official weighs in with a resounding 'Yes.' In this work, Eisuke Sakakibara of the powerful Japanese Finance Ministry describes the fundamental, structural differences between the American and Japanese economies, defends the Japanese approach, and warns that U.S. policies seeking to Americanize our strongest competitor are doomed to fail. This ground-breaking study is vital reading for anyone concerned about the world's two economic superpowers and the global economy being shaped by their rivalry. Co-published with the Economic Strategy Institute. | ||
| 650 | |a Japan,Nhật Bản | ||
| 650 | |x Economic conditions,Điều kiện kinh tế | ||
| 904 | |i Tuyến | ||
| 980 | |a Trung tâm Học liệu Trường Đại học Cần Thơ | ||